Loading...
| History - American | 0 | 5 | 0 | 1 | 50 | 50 | 73.60 | 2 | 5 | 13.75 | 33.33 |
| History - World | 0 | 4 | 0 | 0 | 40 | 56 | 80.25 | 2 | 3 | 7.76 | 21.67 |
| History - European | 0 | 3 | 2 | 1 | 20 | 81 | 96.67 | 1 | 2 | 3.04 | 11.67 |
| Fine Arts - Painting and Sculpture | 0 | 2 | 1 | 0 | 15 | 114 | 117.50 | 1 | 1 | 0.39 | 11.67 |
| Literature - European | 0 | 1 | 0 | 0 | 10 | 53 | 53.00 | 1 | 1 | 4.53 | 6.67 |
| Science - Other | 0 | 1 | 0 | 0 | 10 | 14 | 14.00 | 1 | 1 | 7.14 | 8.33 |
| Mythology | 0 | 1 | 0 | 1 | 10 | 121 | 121.00 | 1 | 1 | 0.00 | 8.33 |
| Geography | 0 | 1 | 1 | 0 | 5 | 46 | 46.00 | 0 | 1 | 8.09 | 11.43 |
| History - Other | 0 | 1 | 2 | 0 | 0 | 105 | 105.00 | 0 | 0 | 0.72 | 1.67 |
| Science - Chemistry | 0 | 0 | 1 | 0 | -5 | 0.00 | 0 | 0 | 0.00 | 0.00 | |
| Fine Arts - Other | 0 | 0 | 1 | 0 | -5 | 0.00 | 0 | 0 | 0.00 | 0.00 |